MDQL
is popping MORE tags! Check the
thread
!
Quizzes
Events
Quiz Creation
Community
Videos
Private Events
Remove Ads
Sign In
Join for FREE
Feedback
Dark Mode
Quiz Categories
Sports
Geography
Music
Movies
Television
Just For Fun
Miscellaneous
History
Literature
Language
Science
Gaming
Entertainment
Religion
Holiday
For Kids
Quiz Lab
Recent
Popular Today
Quiz Kudos Today
Editor Picks
Curator Picks
Quizzes by...
Day
Popularity
Type
Ratings
Length
Year
Community
Subscriptions
Recent Discussions
Orange Saloon
Badges
Playlists
Quests
Create
Leaderboards
Showdown
Live 5
Trivia Bingo
Activity
Puzzle Library
Sporcle Events
Private Events
Virtual Trivia
Globe League
Become a Host
Pub Owners
SporcleCon
Opinionation
Our Games
Videos
Blog
Mobile Apps
Partnerships
Remove Ads and Go Orange
Feedback
Miscellaneous
Crossword
General Knowledge
Baby Names
Logo
Food
Cars
Numbers
Grab Bag
University
College
Popular
Company
Slogans
Restaurants
Justice
Letter
Miscellaneous
Crossword
General Knowledge
Baby Names
Logo
Food
Cars
Numbers
Grab Bag
University
College
Popular
Company
Slogans
Restaurants
Justice
Letter
Random Quiz
Search Sporcle
×
Quiz Lab
Quiz Lab
Miscellaneous
City
Type in answers that appear in a list
Type in answers that appear in a list
Classic
Best Score? Go Orange.
City line bus routes in 1993 (bristol, england, u.k.) Stats
Can you name the city line bus routes in 1993 (bristol, england, u.k.)?
By
Rob42
5m
46 Questions
30 Plays
30 Plays
30 Plays
Comments
Comments
Give Quiz Kudos
Give Quiz Kudos
-
- Ratings
hide this ad
Replay
Link that replays current quiz
Next Quiz
Link to next quiz in quiz playlist
You Got
0%
They Got
Avg Score
80%
Avg Friend Score
Upgrade to see
Score Distribution
Jump to the score distribution portion of the page
Score
0/46
Timer
05:00
0
Plays Today
route description
route number
% Correct
Henbury -
Broomhill
1
96.7%
Centre -
Bromley Heath
4
96.7%
Centre -
Bromley Heath
5/5A
96.7%
Centre -
Kingswood
6/6A
96.7%
Centre -
Staple Hill
7
93.3%
Temple Meads -
West Bristol Circular
9
93.3%
Highridge Circular
53
90%
Temple Meads -
West Bristol Circular
8
86.7%
Lockleaze -
Rookery Farm
24
86.7%
Highridge Circular
52
86.7%
Cribbs Causeway/
Southmead -
Stockwood
54
86.7%
Westbury -
Ashton Vale
22
83.3%
Lawrence Weston -
Park Estate
40
83.3%
Avonmouth -
Warmley
41
83.3%
Westbury -
Warmley
42
83.3%
Blackhorse -
Inns Court Green
48
83.3%
Centre -
Rookery Farm
51
83.3%
Centre -
Bradley Stoke North
X73
83.3%
Westbury -
Ashton Vale
21
80%
Lockleaze -
Rookery Farm
25
80%
Blackhorse -
Inns Court Green
49
80%
Centre -
Stockwood
55
80%
Centre -
Stockwood
57
80%
route description
route number
% Correct
Centre -
U.W.E. Frenchay Campus
70
80%
Centre -
Bradley Stoke North
73
80%
Cribbs Causeway -
Hartcliffe
75
80%
Southmead -
Hartcliffe
76
80%
Southmead -
Hartcliffe
78
80%
Centre -
Bradley Stoke North
72
80%
Centre -
Withywood
36
76.7%
Centre -
Park Estate
45
76.7%
Blackhorse -
Inns Court Green
47
76.7%
Centre -
Cherry Gardens
X67
76.7%
Centre -
Filton Church
71
76.7%
Centre -
Bradley Stoke South
74
76.7%
Henbury -
Hartcliffe
77
76.7%
Centre -
Bradley Stoke South
X74
76.7%
Westbury -
Ashton Vale
20
73.3%
Centre -
Park Estate
44
73.3%
Centre -
Cherry Gardens
X68
70%
Centre -
Mangotsfield
X62
66.7%
Centre -
Cribbs Causeway
X65
66.7%
Broadmead -
Lawrence Weston
X66
66.7%
Centre -
U.W.E. Frenchay Campus
99
60%
Centre -
Bradley Stoke North
82
60%
Centre -
U.W.E. Frenchay Campus
98
56.7%
Quiz Playlist
Details
Report
Send in Message
Add To Playlist
Classic:
Type in answers that appear in a list
Quiz Source
Last Updated: Feb 16, 2017
Quiz Scoreboard
CHALLENGE
Sign Up to Join the Scoreboard
Show All
Scores
Hide
Comments
May contain spoilers
Recently Published
Image Sorting: Flags VI
by Barbecue
Geography
2m
Find the 'City' Movie
by crazypaving
Movies
60s
Colored Red Africa Blitz
by spor1
Geography
45s
More to Explore
Quiz From the Vault
Featured Blog Post
14 Easter Pick-up Lines to Find Eggs With
hide this ad
You Might Also Like...
Tags
City Quiz
1993
bristol
bus
description
England
point
route
Today's Top Quizzes in Miscellaneous
Browse Miscellaneous
hide this ad
Today's Top Quizzes in City
Browse City
Top Contributed Quizzes in Miscellaneous
1
The JOE quick-fire general knowledge quiz: Day 174
2
5-to-1: Fast Food
3
9x9 Crossword: Disney Movie Titles
4
9x9 Crossword: Charlie and the Chocolate Factory
5
The JOE quick-fire general knowledge quiz: Day 173
6
9x9 Crossword: Actors
7
9x9 Crossword: 2022 Movies
8
9x9 Crossword: The Simpsons
9
9x9 Crossword: Flags
10
9x9 Crossword: Pixar Movie Titles
Explore More
Trending Topics
Anime
Disney
Kpop
Marvel
Harry Potter
Crossword
NBA
Country
NFL
Soccer
The Office
Puzzle
Song
Pokémon
WWE
hide this ad
More By:
Rob42
Quiz
Plays
Rating
Category
Featured
Created
Pennsylvania Big 4 Teams
117,463
3.79
Sports
Jan 19, 2012
Missouri Big 4 Teams
40,750
3.49
Sports
Mar 1, 2012
brighton line railway stations
450
5.00
Miscellaneous
Feb 1, 2012
districts of bristol, england, u.k.
386
2.50
Geography
Jun 24, 2011
railway stations in greater bristol, england, u.k.
322
5.00
Miscellaneous
Jun 24, 2011
Go to Creator's Profile
Score Distribution
Quiz Creator Spotlight
Rob42
Follow
Send a Message
Quizzes Created
-
Created Quiz Play Count
-
More By This Creator
Popular Quizzes Today
1
Colored Red Africa Blitz
2
Find the US States - No Outlines Minefield
3
Find the 'City' Movie
4
5x2 Blitz: Bands
5
The Countries of the World
6
Find the US States
7
Find the Countries of Europe - No Outlines Minefield
8
US States
More Miscellaneous Quizzes
Cornell Undergraduate Colleges
Quiz Lab
Trending Quizzes
Colored Red Europe Blitz I
Colored Red Europe Blitz II
Colored Red Africa Blitz II
Colored Red Europe Blitz III
Colored Red Africa Blitz III
Recently Updated
How Do You Spell That?
pecheneg
Godzilla Movies
pecheneg
Grab Bag: 4-10 Letters
pecheneg
2024 March Madness Bracket
pecheneg
Famous TV Couples
Peacemaker
Champions League XIs: Real Madrid
pecheneg
Largest US Cities 1790-2010
pecheneg
Rides in Walt Disney World
pecheneg
Most Oscar Losses (Acting)
pecheneg
Beyoncé Albums
pecheneg
Trending Topics
Harry Potter
Disney
Crossword
Marvel
Anime
Kpop
NBA
Pokémon
Soccer
Puzzle
NFL
Song
Country
The Office
WWE
Your Account Isn't Verified!
In order to create a playlist on Sporcle, you need to verify the email address you used during registration. Go to your
Sporcle Settings
to finish the process.
Report this User
Report this user for behavior that violates our
Community Guidelines
.
Details:
Send Report
Go to the Sporcle.com Mobile Site →
Comments